Historia de la educación y de la pedagogía

Сохранить в:
Библиографические подробности
Главный автор: Luzuriaga, Lorenzo (autor)
Формат:
Язык:испанский
Опубликовано: Buenos Aires Losada 1951
Редактирование:3a. ed
Серии:Biblioteca pedagógica, 22
Предметы:
Метки: Добавить метку
Нет меток, Требуется 1-ая метка записи!

MARC

LEADER 00000nam a2200000 a 4500
001 UCZ0576
003 CL-VaPUC
008 950728e19511105AG |||||||||||||||||spa|d
082 0 4 |a 370.09  |b LUZ  |2 21 
100 |a Luzuriaga, Lorenzo  |e autor  |9 599016 
245 1 0 |a Historia de la educación y de la pedagogía 
250 |a 3a. ed 
300 |a 277 p 
942 |c BK 
945 |d 19950728 00:00:00  |a lriquelm 
260 |a Buenos Aires  |b Losada  |c 1951 
650 7 |a HISTORIA DE LA EDUCACION SIGLOS 15-20  |2 CL-VaPUC  |9 343556 
650 0 |a Humanismo  |9 256530 
583 |a last modification  |c 20160830 03:57:17  |k Rodrigo Vera 
490 0 |a Biblioteca pedagógica, 22 
999 |c 237494  |d 237492 
952 |0 0  |1 0  |4 0  |6 370_090000000000000_LUZ_1951  |7 0  |8 P  |9 246676  |a BIBEDU  |b BIBEDU  |c BIBEDU_PB  |d 2019-11-18  |i 1545973  |o 370.09 LUZ 1951  |p 1545973  |r 2024-01-25  |w 2019-11-18  |y BK  |k EDU